Contra Celsum: [Griechisch-Deutsch] = Gegen Celsus / Teilbd. 3
| Main Author: | |
|---|---|
| Contributors: | ; ; |
| Format: | Print Book |
| Language: | German Ancient Greek |
| Subito Delivery Service: | Order now. |
| Check availability: | HBZ Gateway |
| WorldCat: | WorldCat |
| Interlibrary Loan: | Interlibrary Loan for the Fachinformationsdienste (Specialized Information Services in Germany) |
| Published: |
[Darmstadt]
Wiss. Buchges.
2011
|
| In: |
Contra Celsum [Griechisch-Deutsch] = Gegen Celsus
Year: 2011 |
| Edition: | Lizenzausg. |
| Series/Journal: | Fontes Christiani
50,3 |
| Online Access: |
Table of Contents |
| Sammlungen: |
MARC
| LEADER | 00000cam a2200000 cc4500 | ||
|---|---|---|---|
| 001 | 672755939 | ||
| 003 | DE-627 | ||
| 005 | 20251223230549.0 | ||
| 007 | tu | ||
| 008 | 111123s2011 gw ||||| 00| ||ger c | ||
| 020 | |a 9783534251032 |9 978-3-534-25103-2 | ||
| 035 | |a (DE-627)672755939 | ||
| 035 | |a (DE-576)9672755937 | ||
| 035 | |a (DE-599)GBV672755939 | ||
| 035 | |a (OCoLC)838709636 | ||
| 040 | |a DE-627 |b ger |c DE-627 |e rakwb | ||
| 041 | |a ger |a grc | ||
| 044 | |c XA-DE-HE | ||
| 082 | 0 | |a 200 |q OCLC | |
| 082 | 0 | 4 | |a 200 |q DNB |
| 084 | |a 1 |2 ssgn | ||
| 084 | |a BO 1160 |2 rvk |0 (DE-625)rvk/13910: | ||
| 084 | |a 11.19 |2 bkl | ||
| 084 | |a 11.51 |2 bkl | ||
| 100 | 0 | |0 (DE-588)118590235 |0 (DE-627)149112637 |0 (DE-576)162445482 |4 aut |a Origenes |d 185-254 | |
| 109 | |a Origenes Theologus 185-254 |a Origenes Theologe 185-254 |a Origen 185-254 |a Origenes Adamantius 185-254 |a Origène d'Alexandrie 185-254 |a Origen of Alexandria 185-254 |a Origenes 185-254 |a Origene di Alessandria 185-254 |a Origen von Alexandreia 185-254 |a Origenes von Alexandreia 185-254 |a Ōrigenēs 185-254 |a Origenes Adamantios 185-254 |a Orogines 185-254 |a Origenes von Alexandrien 185-254 |a Origenes Scriptor Ecclesiasticus 185-254 |a Pseudo-Origenes 185-254 |a Origenes Kirchenlehrer 185-254 |a Origène 185-254 |a Origenes Alexandrinus 185-254 |a Origenes Presbyter 185-254 |a Origène Docteur de l'Eglise 185-254 |a Origines 185-254 |a Origenus 185-254 |a Orygenes 185-254 |a Origene 185-254 |a Origenis 185-254 |a Orijan 185-254 | ||
| 245 | 1 | 0 | |a Contra Celsum |b [Griechisch-Deutsch] = Gegen Celsus |n Teilbd. 3 |c Origenes. Eingel. und kommentiert von Michael Fiedrowicz. Übers. von Claudia Barthold |
| 250 | |a Lizenzausg. | ||
| 264 | 1 | |a [Darmstadt] |b Wiss. Buchges. |c 2011 | |
| 300 | |a VII S., S. 660 - 869 |c 20 cm | ||
| 336 | |a Text |b txt |2 rdacontent | ||
| 337 | |a ohne Hilfsmittel zu benutzen |b n |2 rdamedia | ||
| 338 | |a Band |b nc |2 rdacarrier | ||
| 490 | 1 | |a Fontes Christiani |v 50,3 | |
| 583 | 1 | |a Archivierung prüfen |c 20240324 |f DE-4165 |z 1 |2 pdager | |
| 700 | 1 | |0 (DE-588)115521712 |0 (DE-627)077304683 |0 (DE-576)173331653 |4 oth |a Fiedrowicz, Michael |d 1957- | |
| 700 | 1 | |0 (DE-588)12460255X |0 (DE-627)671241206 |0 (DE-576)351684034 |4 oth |a Barthold, Claudia |d 1968- | |
| 700 | 0 | |0 (DE-588)118519883 |0 (DE-627)079321844 |0 (DE-576)208884017 |4 oth |a Celsus |c Philosophus |d ca. 2. Jh. | |
| 773 | 1 | 8 | |a Contra Celsum [Griechisch-Deutsch] = Gegen Celsus |w (DE-627)672755157 |w (DE-576)9672755155 |g Teilbd. 3 |q 3.2011 |7 nnam |
| 830 | 0 | |a Fontes Christiani |v 50,3 |9 50,3 |w (DE-627)246048913 |w (DE-576)022171401 |w (DE-600)1434156-6 |7 am | |
| 856 | 4 | 2 | |u http://d-nb.info/1018461078/04 |m B:DE-101 |q application/pdf |v 2013-05-01 |x Verlag |3 Inhaltsverzeichnis |7 1 |
| 935 | |a JALB |a mteo | ||
| 936 | r | v | |a BO 1160 |b Patristik |k Theologie und Religionswissenschaften |k Patrologie und Kirchengeschichte |k Quellenkunde und Quellensammlungen |k Quellensammlungen |k Patristik |0 (DE-627)1270667971 |0 (DE-625)rvk/13910: |0 (DE-576)200667971 |
| 936 | b | k | |a 11.19 |j Antike Religionen: Sonstiges |0 (DE-627)106404164 |
| 936 | b | k | |a 11.51 |j Frühes Christentum |0 (DE-627)106419641 |
| 951 | |a MV | ||
| ELC | |b 1 | ||
| LOK | |0 000 xxxxxcx a22 zn 4500 | ||
| LOK | |0 001 4494344141 | ||
| LOK | |0 003 DE-627 | ||
| LOK | |0 004 672755939 | ||
| LOK | |0 005 20240905111330 | ||
| LOK | |0 008 240229||||||||||||||||ger||||||| | ||
| LOK | |0 040 |a DE-Tue135 |c DE-627 |d DE-Tue135 | ||
| LOK | |0 092 |o n | ||
| LOK | |0 852 |a DE-Tue135 | ||
| LOK | |0 852 1 |9 00 | ||
| LOK | |0 866 |x SPQUE#Johannes a Lasco Bibliothek | ||
| LOK | |0 935 |a RFBW |a bips |a JALB | ||
| LOK | |0 939 |a 29-02-24 |b l01 | ||
| ORI | |a SA-MARC-ixtheoa001.raw | ||
| REL | |a 1 | ||
| SUB | |a REL | ||



